Представление документа в формате MARC21

Поле Инд. ПП Название Значение
Тип записи a
Библиографический уровень m
001 Контрольный номер 120156301
005 Дата корректировки 20260527113902.6
020 00 c Цена, тираж 1875 р.
080 a Индекс УДК 33
090 00 a Полочн. индекс У9(2)
x Авторский знак Ф 79
091 00 a Индекс ББК (DOS) У9(2)8я7
097 b Оператор *Ж*
245 00 a Заглавие Формы и методы международной торговли
b Продолж. заглавия метод. рекомендации к изуч. темы : "Основы внешнеэкон. деятельности" для студентов всех спец.
b Продолж. заглавия в составе учебно-методического комплекса
c Ответственность сост.: Л.Ф. Гараникова, Т.В. Полякова, Р.М. Солодкова
c Ответственность Тверской гос. техн. ун-т, Каф. ЭУП
260 00 a Место издания Тверь
b Издательство ТвГТУ
c Дата издания 1996
300 00 a Объем 20 с.
440 _0 a Серия УМК-М
515 a Прим. об особенностях нумерации № 721
583 a Действие Приписка : УМК
650 00 a Основная рубрика Внешняя торговля
a Основная рубрика Международные экономические связи
x Основная подрубрика Методические рекомендации
x Основная подрубрика Методические рекомендации
653 00 a Ключевые слова Внешняя торговля
655 a Жанр/ форма (устаревшее) М
773 18 w Контрольный № источника b9cec07690624c17b6cbdc11fe9aa37a
901 t Тип документа m
905 c Дата приписки 27.05.26
922 c Кафедра Экономика и управление производством
951 i EL-ТГТУ? Да
952 a Тип литературы для КСУ ВШ М1
952 e Факультет *ФУСК*
990 00 h N записи в КСУ для Б/У (DOS) 14/1996
j Количество экземпляров (DOS) 11
c Приоритет заказа (DOS) д
f Даты поступлений (DOS) 12.03.96
g Размещение заказа (DOS) РИО